[Event "37. Copenhagen Open (Politiken Cup)"]
[Site "Elsinore"]
[Date "2015.08.02"]
[Round "10"]
[White "Hartung Nielsen, Jens"]
[Black "Hoi, Carsten"]
[Result "0-1"]
[WhiteElo "2212"]
[BlackElo "2383"]
[PlyCount "82"]
[EventDate "2015.07.25"]
[EventType "swiss"]
[EventRounds "10"]
[EventCountry "DEN"]
[Source "ChessBase"]
[SourceDate "2015.09.14"]

1. d4 Nf6 2. Nf3 d5 3. e3 Bg4 4. c4 dxc4 5. Bxc4 e6 6. O-O a6 7. Nc3 Nc6 8. Be2
Bd6 9. b3 Qe7 10. Bb2 Rd8 11. Ng5 Bf5 12. f4 h6 13. Nf3 g5 14. Ne5 gxf4 15.
Nxc6 bxc6 16. exf4 Rg8 17. Bf3 Nd5 18. Qd2 Qh4 19. Ne2 Ke7 20. Bxd5 cxd5 21.
Ng3 Bh7 22. Rae1 Rg4 23. f5 Rxg3 24. fxe6 fxe6 25. hxg3 Bxg3 26. Ba3+ Rd6 27.
Rf3 Bxe1 28. Bxd6+ cxd6 29. Qe3 Be4 30. Rf4 Qg3 31. Qxg3 Bxg3 32. Rg4 Be1 33.
Rg7+ Kf6 34. Ra7 Bd3 35. Rc7 Ba5 36. Rc1 Kf5 37. Kf2 Ke4 38. Rh1 Kxd4 39. Rxh6
e5 40. Rxd6 e4 41. Re6 Bd2 0-1

[Event "37. Copenhagen Open (Politiken Cup)"]
[Site "Elsinore"]
[Date "2015.08.02"]
[Round "10"]
[White "Harvey, Marcus Ross"]
[Black "Dalsberg, Sandra de Blecourt"]
[Result "1-0"]
[WhiteElo "2320"]
[BlackElo "2157"]
[PlyCount "79"]
[EventDate "2015.07.25"]
[EventType "swiss"]
[EventRounds "10"]
[EventCountry "DEN"]
[Source "ChessBase"]
[SourceDate "2015.09.14"]

1. g3 d5 2. Nf3 Nf6 3. Bg2 e6 4. O-O Be7 5. d3 O-O 6. Nbd2 Nc6 7. e4 a5 8. Re1
b6 9. e5 Nd7 10. d4 Na7 11. c4 dxc4 12. Nxc4 Ba6 13. Ne3 c6 14. h4 Rc8 15. h5
Qc7 16. h6 g6 17. Ng4 Bc4 18. Bg5 Qd8 19. Qd2 Bd5 20. Bxe7 Qxe7 21. a4 c5 22.
Qf4 cxd4 23. Nxd4 Bxg2 24. Kxg2 Rc4 25. Rad1 Rb4 26. b3 Nc5 27. Nf6+ Kh8 28.
Qf3 Rd8 29. Nc6 Nxc6 30. Qxc6 Nxb3 31. Rxd8+ Qxd8 32. Rd1 Rd4 33. Rxd4 Nxd4 34.
Qb7 Qf8 35. g4 g5 36. Qe4 Nf5 37. gxf5 exf5 38. Qxf5 Qxh6 39. Qc8+ Kg7 40. Qg8#
1-0

[Event "37. Copenhagen Open (Politiken Cup)"]
[Site "Elsinore"]
[Date "2015.08.02"]
[Round "10"]
[White "Haug, Johannes"]
[Black "Christiansen, Johan Sebastian"]
[Result "1-0"]
[WhiteElo "2236"]
[BlackElo "2409"]
[PlyCount "107"]
[EventDate "2015.07.25"]
[EventType "swiss"]
[EventRounds "10"]
[EventCountry "DEN"]
[Source "ChessBase"]
[SourceDate "2015.09.14"]

1. e4 e6 2. d4 d5 3. exd5 exd5 4. Nf3 Nf6 5. Bd3 c5 6. dxc5 Bxc5 7. Qe2+ Be7 8.
O-O O-O 9. h3 Re8 10. c3 Nc6 11. Qc2 Be6 12. Bf4 Rc8 13. a3 h6 14. Nbd2 d4 15.
c4 Na5 16. Be5 b5 17. b3 bxc4 18. Nxc4 Qd5 19. Bxd4 Bxh3 20. Rae1 Bg4 21. Re5
Qd8 22. Rxa5 Bxf3 23. Bxf6 Bxf6 24. Bh7+ Kh8 25. Rxa7 Rc5 26. Qd3 Qb8 27. Nd6
Qxa7 28. Nxe8 Rc3 29. Qf5 Be2 30. Re1 Bd3 31. Nxf6 Rc1 32. Qe5 gxf6 33. Qxf6+
Kxh7 34. Rxc1 Qb7 35. Rc3 Be4 36. Rg3 Bg6 37. a4 Qd7 38. Qc3 Qd1+ 39. Kh2 Qh5+
40. Rh3 Qf5 41. Qe3 h5 42. Rf3 Qa5 43. Qf4 Qa6 44. Qf6 Qa5 45. Re3 Qc7+ 46. g3
Qb8 47. a5 h4 48. Qxh4+ Kg7 49. Qd4+ Kh7 50. Qf6 Qb5 51. a6 Qd7 52. a7 Be4 53.
Rxe4 Qg4 54. Qh6+ 1-0

[Event "37. Copenhagen Open (Politiken Cup)"]
[Site "Elsinore"]
[Date "2015.08.02"]
[Round "10"]
[White "Hector, Jonny"]
[Black "Matthiesen, Martin"]
[Result "1-0"]
[WhiteElo "2485"]
[BlackElo "2347"]
[PlyCount "103"]
[EventDate "2015.07.25"]
[EventType "swiss"]
[EventRounds "10"]
[EventCountry "DEN"]
[Source "ChessBase"]
[SourceDate "2015.09.14"]

1. e4 e5 2. Nf3 Nc6 3. Bc4 Bc5 4. c3 Nf6 5. d3 a6 6. O-O Ba7 7. Be3 O-O 8. Nbd2
d6 9. Bb3 h6 10. Re1 Re8 11. h3 Be6 12. d4 Bxb3 13. Qxb3 Rb8 14. Rad1 Qe7 15.
dxe5 dxe5 16. Bxa7 Nxa7 17. Nc4 Qc5 18. Ne3 Qb5 19. Qc2 Qc6 20. Nd5 Rbc8 21. c4
Qe6 22. c5 c6 23. Nxf6+ Qxf6 24. Rd7 Re7 25. Red1 Nb5 26. R7d2 Rce8 27. a4 Nc7
28. Rd6 Ne6 29. Qc4 Qf4 30. R1d3 Nd4 31. Nd2 a5 32. g3 Qg5 33. Kg2 Ne6 34. Nf3
Qf6 35. Nh2 Rc7 36. Ng4 Qg5 37. f3 Nf8 38. Qc3 h5 39. h4 Qe7 40. Ne3 g6 41.
Qxa5 Ne6 42. Nc4 f6 43. Nb6 Nd4 44. Qd2 Kh7 45. b4 Qf7 46. Qc3 f5 47. exf5 Qxf5
48. Nc4 Rce7 49. Re3 Nc2 50. Re4 Nd4 51. Qd3 Rf8 52. Rdxd4 1-0

[Event "37. Copenhagen Open (Politiken Cup)"]
[Site "Elsinore"]
[Date "2015.08.02"]
[Round "10"]
[White "Hillarp Persson, Tiger"]
[Black "Shankland, Samuel L"]
[Result "1/2-1/2"]
[WhiteElo "2563"]
[BlackElo "2656"]
[PlyCount "30"]
[EventDate "2015.07.25"]
[EventType "swiss"]
[EventRounds "10"]
[EventCountry "DEN"]
[Source "ChessBase"]
[SourceDate "2015.09.14"]

1. d4 Nf6 2. c4 g6 3. Nc3 d5 4. Nf3 Bg7 5. Bf4 O-O 6. Rc1 Be6 7. e3 dxc4 8. Ng5
Bd5 9. e4 h6 10. exd5 hxg5 11. Bxg5 Nxd5 12. Bxc4 Nb6 13. Bb3 Nc6 14. Ne2 a5
15. a4 Qd6 1/2-1/2

[Event "37. Copenhagen Open (Politiken Cup)"]
[Site "Elsinore"]
[Date "2015.08.02"]
[Round "10"]
[White "Hofmann, Rares"]
[Black "Tryggestad, Andreas Garberg"]
[Result "0-1"]
[WhiteElo "2065"]
[BlackElo "2204"]
[PlyCount "98"]
[EventDate "2015.07.25"]
[EventType "swiss"]
[EventRounds "10"]
[EventCountry "DEN"]
[Source "ChessBase"]
[SourceDate "2015.09.14"]

1. c4 Nf6 2. g3 g6 3. Bg2 d5 4. cxd5 Nxd5 5. Nc3 Nxc3 6. bxc3 Bg7 7. Nf3 O-O 8.
O-O e5 9. Rb1 e4 10. Nd4 c5 11. Nb3 Qe7 12. Ba3 Na6 13. Qc2 Re8 14. d4 exd3 15.
exd3 Qc7 16. Rfe1 Bf5 17. Be4 Bxe4 18. dxe4 Rad8 19. Rbd1 b6 20. Rxd8 Rxd8 21.
Rd1 Nb8 22. Rxd8+ Qxd8 23. Nd2 Nc6 24. Nf1 Ne5 25. Ne3 Nf3+ 26. Kh1 Qd2 27. Qd1
Qxf2 28. Ng2 Bxc3 29. Bc1 Bd4 30. Bf4 Qg1+ 31. Qxg1 Nxg1 32. Bb8 a6 33. Ne1 Ne2
34. Ba7 c4 35. Nc2 Bc5 36. e5 c3 37. Kg2 Nd4 38. Ne1 c2 39. Nd3 Ne2 40. a4 a5
41. Kf3 c1=Q 42. Nxc1 Nxc1 43. Ke4 Ne2 44. Kd3 Nd4 45. Kc4 Nc6 46. Bxb6 Bxb6
47. Kb5 Bd4 48. Kxc6 Bxe5 49. Kb5 Bc3 0-1

[Event "37. Copenhagen Open (Politiken Cup)"]
[Site "Elsinore"]
[Date "2015.08.02"]
[Round "10"]
[White "Ivarsson, Torbjorn"]
[Black "Haugli, Petter"]
[Result "1/2-1/2"]
[WhiteElo "2100"]
[BlackElo "2247"]
[PlyCount "68"]
[EventDate "2015.07.25"]
[EventType "swiss"]
[EventRounds "10"]
[EventCountry "DEN"]
[Source "ChessBase"]
[SourceDate "2015.09.14"]

1. e4 c5 2. Nf3 e6 3. g3 Nc6 4. Bg2 Nf6 5. Nc3 a6 6. O-O d6 7. d4 cxd4 8. Nxd4
Qc7 9. Nxc6 bxc6 10. Re1 e5 11. b3 Be7 12. Bb2 h5 13. Qd3 h4 14. Nd1 hxg3 15.
hxg3 Ng4 16. Ne3 Nxe3 17. Qxe3 Bg4 18. f3 Be6 19. c4 f6 20. Rac1 c5 21. Kf2 Kf7
22. Rh1 a5 23. Rxh8 Rxh8 24. a4 Qb6 25. Rc3 g6 26. Bc1 f5 27. Bd2 Bf8 28. Qe1
Bh6 29. Rd3 Bxd2 30. Qxd2 Ke7 31. Qg5+ Kf7 32. Qd2 Ke7 33. Qg5+ Kf7 34. Qd2 Ke7
1/2-1/2

[Event "37. Copenhagen Open (Politiken Cup)"]
[Site "Elsinore"]
[Date "2015.08.02"]
[Round "10"]
[White "Jacobsen, Mikkel Manosri"]
[Black "Rossen, Claus"]
[Result "1/2-1/2"]
[WhiteElo "2370"]
[BlackElo "2193"]
[PlyCount "126"]
[EventDate "2015.07.25"]
[EventType "swiss"]
[EventRounds "10"]
[EventCountry "DEN"]
[Source "ChessBase"]
[SourceDate "2015.09.14"]

1. Nf3 g6 2. d4 Bg7 3. c4 Nf6 4. Nc3 d5 5. e3 O-O 6. b3 c5 7. Be2 cxd4 8. exd4
Ne4 9. Nxd5 e6 10. Ne3 Nc6 11. Bb2 Qa5+ 12. Kf1 Rd8 13. Nc2 Nxd4 14. Ncxd4 e5
15. Qe1 Qxe1+ 16. Kxe1 exd4 17. Rd1 Bg4 18. Nxd4 Bxe2 19. Kxe2 Re8 20. Kf1 Rad8
21. f3 Rd7 22. fxe4 Rxe4 23. Kf2 Bxd4+ 24. Bxd4 Rexd4 25. Rxd4 Rxd4 26. Ke3 Rd7
27. c5 f5 28. Rc1 Re7+ 29. Kd3 Re6 30. Rc4 Kf7 31. Ra4 a6 32. Rb4 Re7 33. Rb6
g5 34. a4 f4 35. a5 g4 36. Rb4 Re3+ 37. Kd2 Ke6 38. Rxb7 Kd5 39. b4 Rb3 40. Kc2
Re3 41. Rd7+ Kc4 42. c6 Re6 43. Rf7 Kxb4 44. Rxf4+ Kb5 45. c7 Rc6+ 46. Kb3 Rxc7
47. Rxg4 Kxa5 48. h4 Kb5 49. h5 Rc5 50. Rb4+ Kc6 51. g4 Rg5 52. Kc3 Kd6 53. Kd3
a5 54. Ra4 Ke6 55. Ke3 Rb5 56. Rf4 Rb3+ 57. Kf2 Rb4 58. Rf5 Rxg4 59. Rxa5 Kf6
60. Kf3 Rg5 61. Rxg5 Kxg5 62. Kg2 Kxh5 63. Kh3 Kg5 1/2-1/2

[Event "37. Copenhagen Open (Politiken Cup)"]
[Site "Elsinore"]
[Date "2015.08.02"]
[Round "10"]
[White "Jensen, Tobias Ilsoe"]
[Black "Rewitz, Poul"]
[Result "0-1"]
[WhiteElo "2014"]
[BlackElo "2184"]
[PlyCount "114"]
[EventDate "2015.07.25"]
[EventType "swiss"]
[EventRounds "10"]
[EventCountry "DEN"]
[Source "ChessBase"]
[SourceDate "2015.09.14"]

1. d4 c6 2. c4 f5 3. Nc3 Nf6 4. g3 e6 5. Bg2 d5 6. Nf3 Bd6 7. Bf4 O-O 8. e3 b6
9. cxd5 exd5 10. Bxd6 Qxd6 11. O-O Nbd7 12. Qc2 Ne4 13. Nd2 a5 14. Rad1 Ba6 15.
Rfe1 Ndf6 16. f3 Nxd2 17. Rxd2 Rae8 18. Rdd1 Re6 19. Qxf5 Ne4 20. Qh5 Nxc3 21.
bxc3 Qa3 22. e4 Qxa2 23. exd5 Re2 24. Bf1 Rxe1 25. Rxe1 Bxf1 26. Kxf1 Qxd5 27.
Qxd5+ cxd5 28. Kf2 Ra8 29. Rb1 Ra6 30. Ke3 Kf7 31. Kd3 Ke6 32. c4 dxc4+ 33.
Kxc4 Kd6 34. Kb5 Ra8 35. Ra1 a4 36. Rxa4 Rxa4 37. Kxa4 Kd5 38. Kb5 Kxd4 39.
Kxb6 Ke3 40. f4 Kf3 41. Kc5 Kg2 42. g4 Kf3 43. g5 Kxf4 44. g6 h6 45. Kd5 Kf5
46. Kd4 Kxg6 47. Ke4 Kg5 48. Kf3 Kh4 49. Kg2 Kg4 50. Kf2 Kh3 51. Kg1 h5 52. Kh1
h4 53. Kg1 g6 54. Kh1 g5 55. Kg1 g4 56. Kh1 g3 57. Kg1 g2 0-1

[Event "37. Copenhagen Open (Politiken Cup)"]
[Site "Elsinore"]
[Date "2015.08.02"]
[Round "10"]
[White "Jepson, Christian"]
[Black "Schandorff, Lars"]
[Result "1/2-1/2"]
[WhiteElo "2428"]
[BlackElo "2520"]
[PlyCount "27"]
[EventDate "2015.07.25"]
[EventType "swiss"]
[EventRounds "10"]
[EventCountry "DEN"]
[Source "ChessBase"]
[SourceDate "2015.09.14"]

1. Nf3 Nf6 2. c4 e6 3. Nc3 d5 4. d4 Nbd7 5. cxd5 exd5 6. Bg5 Be7 7. e3 c6 8.
Qc2 Nh5 9. Bxe7 Qxe7 10. O-O-O Nb6 11. h3 Be6 12. Kb1 Nf6 13. Ne5 Nfd7 14. Nxd7
1/2-1/2

[Event "37. Copenhagen Open (Politiken Cup)"]
[Site "Elsinore"]
[Date "2015.08.02"]
[Round "10"]
[White "Kunin, Vitaly L"]
[Black "Brunello, Sabino"]
[Result "1-0"]
[WhiteElo "2576"]
[BlackElo "2539"]
[PlyCount "67"]
[EventDate "2015.07.25"]
[EventType "swiss"]
[EventRounds "10"]
[EventCountry "DEN"]
[Source "ChessBase"]
[SourceDate "2015.09.14"]

1. d4 d5 2. c4 c6 3. e3 Nf6 4. Nc3 Bf5 5. Nf3 e6 6. Nh4 Be4 7. f3 Bg6 8. Qb3
Qb6 9. Nxg6 hxg6 10. Bd2 Nbd7 11. O-O-O O-O-O 12. Qc2 c5 13. cxd5 Nxd5 14. Nxd5
exd5 15. Qa4 Qc7 16. Qxa7 cxd4+ 17. Kb1 Bc5 18. Qa8+ Qb8 19. Qxb8+ Kxb8 20.
exd4 Bxd4 21. Bc1 Be5 22. f4 Bc7 23. Rxd5 Nb6 24. Rxd8+ Rxd8 25. Be2 Rh8 26. h3
Nd5 27. Rf1 Ne7 28. Rd1 Nf5 29. Bc4 f6 30. Bd3 Ng3 31. Re1 Rh4 32. Re8+ Ka7 33.
Be3+ Bb6 34. Bxg6 1-0

[Event "37. Copenhagen Open (Politiken Cup)"]
[Site "Elsinore"]
[Date "2015.08.02"]
[Round "10"]
[White "Kvamme, John Agnar"]
[Black "Petersen, Tom Petri"]
[Result "0-1"]
[WhiteElo "2158"]
[BlackElo "2360"]
[PlyCount "132"]
[EventDate "2015.07.25"]
[EventType "swiss"]
[EventRounds "10"]
[EventCountry "DEN"]
[Source "ChessBase"]
[SourceDate "2015.09.14"]

1. Nf3 g6 2. d4 Bg7 3. e4 d6 4. c3 Nf6 5. Nbd2 O-O 6. Be2 Nc6 7. O-O Nd7 8. Qc2
e5 9. dxe5 Ndxe5 10. Nxe5 Nxe5 11. Nc4 Qe7 12. Nxe5 Qxe5 13. Be3 Re8 14. Bd3
Bd7 15. Bd4 Qf4 16. Be3 Qh4 17. Qd2 h6 18. f3 Re7 19. Rae1 Rae8 20. Bc4 Kh7 21.
Bf4 Bc6 22. Rd1 b6 23. Bg3 Qf6 24. Qf4 Qxf4 25. Bxf4 g5 26. Bg3 a5 27. h4 Rf8
28. hxg5 hxg5 29. Kf2 Be5 30. Rh1+ Kg6 31. Rh2 b5 32. Bd3 Bxg3+ 33. Kxg3 Re5
34. Rdh1 Kf6 35. Rh8 Rxh8 36. Rxh8 Be8 37. a3 c5 38. Rh6+ Ke7 39. Kf2 c4 40.
Be2 d5 41. exd5 Rxd5 42. Ke3 Re5+ 43. Kf2 f6 44. Rh7+ Kd6 45. Rh6 Re6 46. a4
Kc5 47. axb5 Bxb5 48. Rh8 Rb6 49. Rd8 Bc6 50. Rd2 Be8 51. Rd8 Bc6 52. Rd2 a4
53. Ke3 Rb8 54. Kf2 Be8 55. g3 Rb3 56. Bd1 a3 57. Bxb3 cxb3 58. bxa3 Kc4 59.
Re2 Bg6 60. a4 Bc2 61. Re1 b2 62. a5 Kb5 63. g4 Kxa5 64. f4 Kb5 65. fxg5 fxg5
66. Ke3 Kc4 0-1

[Event "37. Copenhagen Open (Politiken Cup)"]
[Site "Elsinore"]
[Date "2015.08.02"]
[Round "10"]
[White "Levrand, Roland"]
[Black "Aabling Thomsen, Jakob"]
[Result "0-1"]
[WhiteElo "2146"]
[BlackElo "2333"]
[PlyCount "94"]
[EventDate "2015.07.25"]
[EventType "swiss"]
[EventRounds "10"]
[EventCountry "DEN"]
[Source "ChessBase"]
[SourceDate "2015.09.14"]

1. e4 g6 2. d4 Bg7 3. Nc3 d6 4. Be3 a6 5. h3 b5 6. g4 Bb7 7. Bg2 Nd7 8. Qd2 Nb6
9. b3 h5 10. g5 e6 11. Nge2 Ne7 12. a4 c6 13. O-O d5 14. f3 O-O 15. a5 Nd7 16.
b4 e5 17. f4 exf4 18. Nxf4 dxe4 19. Nxe4 Nf5 20. Bf2 Re8 21. Rae1 Rxe4 22. Rxe4
Qxg5 23. h4 Qd8 24. Rfe1 Nf6 25. Re5 Qd7 26. Nd3 Ng4 27. Nc5 Qc7 28. Rxf5 gxf5
29. Qg5 Rf8 30. Re7 Qh2+ 31. Kf1 Bc8 32. Nd3 Be6 33. Nf4 Bc4+ 34. Ke1 Nf6 35.
Bxc6 Rc8 36. Bb7 Rb8 37. Bf3 Kf8 38. Re5 Ng4 39. Bxg4 hxg4 40. Qe7+ Kg8 41. Qg5
g3 42. Bxg3 Qg1+ 43. Kd2 Qxd4+ 44. Nd3 Bxd3 45. cxd3 f6 46. Qxf5 fxe5 47. Qe6+
Kh8 0-1

[Event "37. Copenhagen Open (Politiken Cup)"]
[Site "Elsinore"]
[Date "2015.08.02"]
[Round "10"]
[White "Liedbeck, Patrik"]
[Black "Engel, Luis"]
[Result "0-1"]
[WhiteElo "1986"]
[BlackElo "2200"]
[PlyCount "60"]
[EventDate "2015.07.25"]
[EventType "swiss"]
[EventRounds "10"]
[EventCountry "DEN"]
[Source "ChessBase"]
[SourceDate "2015.09.14"]

1. e4 c5 2. Nf3 d6 3. d4 cxd4 4. Nxd4 Nf6 5. Nc3 a6 6. Be3 e5 7. Nb3 Be6 8. h3
Be7 9. Qf3 O-O 10. g4 Nc6 11. O-O-O Rc8 12. Kb1 b5 13. g5 Nd7 14. Rg1 Na5 15.
Nxa5 Rxc3 16. Nb7 Rxe3 17. Qxe3 Qc7 18. Nxd6 Bxd6 19. h4 Bc5 20. Qg3 Qa5 21. b3
Bd4 22. h5 Qa3 23. c3 Bxb3 24. axb3 Qxb3+ 25. Kc1 Rc8 26. Rd3 Nc5 27. Rxd4 exd4
28. g6 Nd3+ 29. Qxd3 Rxc3+ 30. Qxc3 dxc3 0-1

[Event "37. Copenhagen Open (Politiken Cup)"]
[Site "Elsinore"]
[Date "2015.08.02"]
[Round "10"]
[White "Louis, Thibault"]
[Black "Hoare, Amy B"]
[Result "1-0"]
[WhiteElo "2250"]
[BlackElo "2069"]
[PlyCount "69"]
[EventDate "2015.07.25"]
[EventType "swiss"]
[EventRounds "10"]
[EventCountry "DEN"]
[Source "ChessBase"]
[SourceDate "2015.09.14"]

1. e4 e5 2. Nf3 Nc6 3. Bb5 Nf6 4. d3 Bc5 5. O-O d6 6. c3 O-O 7. Nbd2 a6 8. Ba4
Ba7 9. h3 Ne7 10. Re1 Ng6 11. Nf1 c6 12. Bb3 h6 13. Ng3 d5 14. exd5 Nxd5 15. d4
exd4 16. Nxd4 Ndf4 17. Qf3 Qf6 18. Ne4 Qe5 19. Qg3 Bb8 20. Bxf4 Nxf4 21. Qf3 c5
22. Nc2 Bd7 23. Ne3 Bc6 24. Nc4 Ne2+ 25. Kf1 Qxe4 26. Qxe4 Bxe4 27. Rad1 Re8
28. Rxe2 Bxg2+ 29. Kxg2 Rxe2 30. Nb6 Ra7 31. Rd8+ Kh7 32. Rxb8 Re7 33. Nd5 Rd7
34. Bc2+ g6 35. Nf6+ 1-0

[Event "37. Copenhagen Open (Politiken Cup)"]
[Site "Elsinore"]
[Date "2015.08.02"]
[Round "10"]
[White "Merkesvik, Sondre"]
[Black "Veng, Johny"]
[Result "1/2-1/2"]
[WhiteElo "2130"]
[BlackElo "2294"]
[PlyCount "29"]
[EventDate "2015.07.25"]
[EventType "swiss"]
[EventRounds "10"]
[EventCountry "DEN"]
[Source "ChessBase"]
[SourceDate "2015.09.14"]

1. Nf3 Nf6 2. g3 b6 3. d4 Bb7 4. Bg2 e6 5. O-O c5 6. e3 Be7 7. c4 O-O 8. Nc3
Re8 9. a4 cxd4 10. exd4 Qc8 11. b3 Ne4 12. Nxe4 Bxe4 13. Ne5 Bxg2 14. Kxg2 Qb7+
15. Qf3 1/2-1/2

[Event "37. Copenhagen Open (Politiken Cup)"]
[Site "Elsinore"]
[Date "2015.08.02"]
[Round "10"]
[White "Nielsen, Andre"]
[Black "Rolvag, Mikael"]
[Result "1/2-1/2"]
[WhiteElo "1963"]
[BlackElo "2193"]
[PlyCount "64"]
[EventDate "2015.07.25"]
[EventType "swiss"]
[EventRounds "10"]
[EventCountry "DEN"]
[Source "ChessBase"]
[SourceDate "2015.09.14"]

1. e4 e6 2. d4 d5 3. Nc3 Bb4 4. e5 Ne7 5. Nf3 c5 6. a3 Bxc3+ 7. bxc3 h6 8. a4
Qc7 9. Be2 O-O 10. O-O b6 11. Ba3 Ba6 12. Bxa6 Nxa6 13. Qe2 Nb8 14. c4 dxc4 15.
dxc5 bxc5 16. Qxc4 Nd7 17. Rfe1 Ng6 18. Bb2 Rab8 19. Bc3 Nb6 20. Qg4 Rfd8 21.
h4 Ne7 22. Bd2 Nf5 23. a5 Nd5 24. Qe4 Nb4 25. Bf4 Qb7 26. c3 Nd5 27. g4 Nfe7
28. Bd2 Nc7 29. Qxb7 Rxb7 30. Be3 Na6 31. c4 Nc6 32. Red1 Rbd7 1/2-1/2

[Event "37. Copenhagen Open (Politiken Cup)"]
[Site "Elsinore"]
[Date "2015.08.02"]
[Round "10"]
[White "Nielsen, Lars Aaes"]
[Black "Johansson, Linus"]
[Result "1/2-1/2"]
[WhiteElo "2201"]
[BlackElo "2379"]
[PlyCount "62"]
[EventDate "2015.07.25"]
[EventType "swiss"]
[EventRounds "10"]
[EventCountry "DEN"]
[Source "ChessBase"]
[SourceDate "2015.09.14"]

1. e4 e6 2. d4 d5 3. Nc3 Bb4 4. e5 c5 5. a3 Bxc3+ 6. bxc3 Ne7 7. Nf3 b6 8. Be3
Ba6 9. dxc5 Bxf1 10. Kxf1 Nd7 11. cxb6 axb6 12. Qd3 Qc7 13. g3 Nc6 14. Kg2 h6
15. h4 Na5 16. Nd2 O-O 17. f4 Rfc8 18. Bd4 Nc5 19. Qe3 Na4 20. Rhb1 Nxc3 21.
Rxb6 Na4 22. Rbb1 Nc4 23. Nxc4 Qxc4 24. c3 h5 25. Rb4 Qc6 26. Kh3 Nc5 27. Bxc5
Qxc5 28. Qxc5 Rxc5 29. a4 Rxc3 30. a5 Rc6 31. Ra3 Rca6 1/2-1/2

[Event "37. Copenhagen Open (Politiken Cup)"]
[Site "Elsinore"]
[Date "2015.08.02"]
[Round "10"]
[White "Nordenbaek, Jan"]
[Black "Kvisvik, Brede Alexander"]
[Result "0-1"]
[WhiteElo "2134"]
[BlackElo "2304"]
[PlyCount "88"]
[EventDate "2015.07.25"]
[EventType "swiss"]
[EventRounds "10"]
[EventCountry "DEN"]
[Source "ChessBase"]
[SourceDate "2015.09.14"]

1. e4 c5 2. Nf3 e6 3. d3 Nc6 4. g3 d5 5. Qe2 Nf6 6. Bg2 Be7 7. O-O b5 8. h4 a5
9. e5 Nd7 10. Bf4 b4 11. Nbd2 Ba6 12. c4 bxc3 13. bxc3 c4 14. d4 a4 15. h5 a3
16. Qe3 Nb6 17. Bh3 Na4 18. Bg5 Bxg5 19. Nxg5 h6 20. Nxf7 Kxf7 21. Qf4+ Ke7 22.
Bxe6 Kxe6 23. Qg4+ Kf7 24. Qg6+ Kf8 25. Qxc6 Nxc3 26. Rae1 Bb5 27. Qg6 Be8 28.
Qf5+ Kg8 29. Re3 Nb5 30. Nf3 Qe7 31. e6 Rd8 32. Rfe1 g6 33. hxg6 Kg7 34. Nh4
Qf6 35. Qg4 h5 36. Nf5+ Kg8 37. Qf4 Bxg6 38. e7 Re8 39. Re5 Bf7 40. Qe3 Rh7 41.
Rb1 Nd6 42. Nxd6 Qxd6 43. Qf4 Rg7 44. Rbe1 Rxe7 0-1

[Event "37. Copenhagen Open (Politiken Cup)"]
[Site "Elsinore"]
[Date "2015.08.02"]
[Round "10"]
[White "Olofsson Dolk, Mattis"]
[Black "Stray, Gunnar"]
[Result "1/2-1/2"]
[WhiteElo "2253"]
[BlackElo "2075"]
[PlyCount "134"]
[EventDate "2015.07.25"]
[EventType "swiss"]
[EventRounds "10"]
[EventCountry "DEN"]
[Source "ChessBase"]
[SourceDate "2015.09.14"]

1. e4 c5 2. Nf3 e6 3. d4 cxd4 4. Nxd4 a6 5. Nc3 Qc7 6. Bd3 Nc6 7. Nxc6 dxc6 8.
O-O e5 9. Be3 Be6 10. a4 a5 11. Qe2 Bd6 12. f3 Nf6 13. Qf2 Qe7 14. Kh1 Nd7 15.
Qg3 f6 16. Ne2 g5 17. Qe1 h5 18. Nc3 h4 19. h3 Bc5 20. Nd1 Nf8 21. Qf2 Bxe3 22.
Nxe3 Ng6 23. Bc4 Nf4 24. Bxe6 Qxe6 25. Nf5 Rh7 26. Rfd1 Rd7 27. Qb6 Kf7 28.
Rxd7+ Qxd7 29. Qxb7 Rd8 30. Nd6+ Ke7 31. Qxd7+ Kxd7 32. Nc4 Kc7 33. c3 Rd3 34.
Kg1 g4 35. hxg4 h3 36. g3 Ne6 37. Nxa5 Ng5 38. Nc4 Rxf3 39. a5 Rxg3+ 40. Kf2
Nxe4+ 41. Ke2 Kb7 42. a6+ Ka7 43. Nb6 Rg2+ 44. Kf3 Nd6 45. Nd7 e4+ 46. Kf4 h2
47. Rh1 Rxb2 48. Nxf6 Rf2+ 49. Ke5 Nf7+ 50. Kxe4 Rxf6 51. Rxh2 Kxa6 52. Rh5 Rf1
53. c4 Kb6 54. Ke3 Nd8 55. Ke4 Ne6 56. Ke5 Re1+ 57. Kf6 Nd4 58. g5 Rf1+ 59. Ke5
Kc5 60. g6 Rg1 61. Kf6+ Kxc4 62. g7 Rf1+ 63. Kg6 Rg1+ 64. Kh7 c5 65. g8=Q+ Rxg8
66. Kxg8 Kb4 67. Rxc5 Kxc5 1/2-1/2

[Event "37. Copenhagen Open (Politiken Cup)"]
[Site "Elsinore"]
[Date "2015.08.02"]
[Round "10"]
[White "Percivaldi, Martin"]
[Black "Bjorneboe, Kristian"]
[Result "1-0"]
[WhiteElo "2310"]
[BlackElo "2015"]
[PlyCount "113"]
[EventDate "2015.07.25"]
[EventType "swiss"]
[EventRounds "10"]
[EventCountry "DEN"]
[Source "ChessBase"]
[SourceDate "2015.09.14"]

1. d4 Nf6 2. c4 e5 3. dxe5 Ng4 4. Nf3 Bc5 5. e3 Nc6 6. Nc3 Ngxe5 7. Be2 d6 8.
a3 a5 9. b3 O-O 10. Bb2 Nxf3+ 11. Bxf3 Ne5 12. Be2 Qg5 13. O-O Bh3 14. Bf3 Bg4
15. Bxg4 Nxg4 16. h3 Nxf2 17. Rxf2 Qxe3 18. Qe2 Rae8 19. Qxe3 Bxe3 20. Nb5 Re7
21. Bd4 Bxf2+ 22. Kxf2 Rfe8 23. Ra2 f6 24. Rc2 Rd7 25. Bc3 b6 26. Rd2 Re4 27.
c5 a4 28. cxb6 cxb6 29. bxa4 Rxa4 30. Bb4 d5 31. Rc2 Ra8 32. Nd6 Rad8 33. Rc6
Rb8 34. Ke3 Re7+ 35. Kd3 Re5 36. Nc8 Rg5 37. g4 h5 38. Bd2 Ra8 39. Bxg5 Rxa3+
40. Rc3 Rxc3+ 41. Kxc3 hxg4 42. hxg4 Kf7 43. Bf4 Ke6 44. Nd6 g6 45. Bg3 Kd7 46.
Kb4 Ke6 47. Nb5 Kd7 48. Nd4 Kc8 49. Kb5 Kb7 50. Bh2 Ka7 51. Nc6+ Kb7 52. Bg3
Ka8 53. Kxb6 f5 54. g5 f4 55. Bxf4 d4 56. Ne7 d3 57. Nxg6 1-0

[Event "37. Copenhagen Open (Politiken Cup)"]
[Site "Elsinore"]
[Date "2015.08.02"]
[Round "10"]
[White "Petersen, Martin Reib"]
[Black "Smith, Thijmen"]
[Result "0-1"]
[WhiteElo "2122"]
[BlackElo "2252"]
[PlyCount "132"]
[EventDate "2015.07.25"]
[EventType "swiss"]
[EventRounds "10"]
[EventCountry "DEN"]
[Source "ChessBase"]
[SourceDate "2015.09.14"]

1. e4 c5 2. d4 cxd4 3. c3 d3 4. c4 Nc6 5. Bxd3 d6 6. Nf3 g6 7. Nc3 Bg7 8. h3
Nf6 9. Be3 O-O 10. Rc1 b6 11. O-O Bb7 12. b3 Nd7 13. Bb1 Nde5 14. Nxe5 dxe5 15.
Qg4 e6 16. Bg5 Bf6 17. Bh6 Re8 18. Nb5 Qe7 19. Be3 Nd4 20. Nxd4 exd4 21. Bd2 e5
22. Bd3 Rac8 23. Rce1 Rc7 24. Re2 Bc8 25. Qg3 Bh4 26. Qh2 Bg5 27. Be1 Bh6 28.
g3 Qe6 29. Kg2 Bb7 30. Kg1 Bc8 31. g4 Bf4 32. Qg2 g5 33. Bd2 Qf6 34. Bxf4 gxf4
35. f3 Kh8 36. Qf2 Qh6 37. Kg2 Rg8 38. Rh1 Rc6 39. Rd2 a5 40. Qe1 Qg5 41. Rc2
Qe7 42. Qc1 Be6 43. Qd2 Rgc8 44. Rhc1 Qa3 45. Qe1 a4 46. Rb1 axb3 47. axb3 b5
48. Qh4 Bxc4 49. Bxc4 bxc4 50. bxc4 Rxc4 51. Qf6+ Kg8 52. Qg5+ Kf8 53. Rf2 Qd6
54. Qf5 Kg7 55. Qg5+ Kh8 56. Rb7 R4c7 57. Rb5 f6 58. Qh6 Qf8 59. Qh4 Qf7 60.
Rd5 Rc2 61. Rxc2 Rxc2+ 62. Kf1 Rc8 63. g5 Qb7 64. gxf6 Rc1+ 65. Kg2 Rc2+ 66.
Kf1 Qa6+ 0-1